Responses for Show #5909 - Thursday, April 29, 2010

Buddy Wright game 2.

Contestants

[<< previous game]

Robin Poché, a stay-at-home mom from Collierville, Tennessee

Linda Smith, a high school English teacher from Springfield, Arkansas

Buddy Wright, an operations engineer from Fort Worth, Texas (whose 1-day cash winnings total $27,201)

[next game >>]

Jeopardy! Round responses

THE NEW TESTAMENT
TAKE IN ORDER
HEY, THAT'S SHARP!
WORTH A THOUSAND WORDS
STATE LICENSE PLATE MOTTOS
TER"MA"NATORS
(Alex: And the letters "M-A" will be at the end of each correct response.)
    $200 1
40 days

Linda
    $200 4
Atlantic City

Linda
    $200 16
Carrie Nation

Linda
    $200 21
1929

Robin
    $200 11
Idaho

Buddy
    $200 26
an aroma

Buddy
    $400 2
Luke

Buddy
    $400 7
"The Boardwalk"

Buddy
    $400 17
a machete

Buddy
    $400 22
the bison

Linda
    $400 12
Georgia

Buddy
    $400 27
charisma

Robin
    $600 3
their feet

Robin
    $600 8
(Linda: What is tax evasion?)
(Alex: Yes... Oh. Sorry. Sorry.)

income tax

BuddyLinda
    $600 18
a chainsaw

Buddy
    $600 23
duck and cover

Buddy
    $600 13
Illinois

Robin
    $600 28
(Alex: You noticed the weird spelling of "dhefinitions".)

dharma

Robin
    $800 5
Nazareth

Buddy
    $800 9
The Tokens

Triple Stumper
    $800 19
a guillotine

Buddy
    $800 24
a U2

Buddy
    $800 14
North Carolina

Buddy
    $800 29
glaucoma

Buddy
    $1000 6
the centurion

Triple Stumper
    $1000 10
Monopoly

Robin
    $1,600 20
(Buddy: [Shakes head])

barbed wire

Buddy
    $1000 25
Brezhnev

Buddy
    $1000 15
Massachusetts

Triple Stumper
    $1000 30
plasma

Robin

Scores at the first commercial break (after clue 15):

Buddy Linda Robin
$3,600 -$200 $2,200

Scores at the end of the Jeopardy! Round:

Buddy Linda Robin
$7,200 $400 $4,400

Double Jeopardy! Round responses

NATURE STUDY
ROMEO ON THE RADIO
I DETECT A DETECTIVE
SOME PUZZLING FOOD
SIR FRANCIS DRAKE
"CIRCUM"-NAVIGATING
    $400 2
Hawaii

Buddy
    $400 1
Charlie Chan

Robin
    $400 13
breakfast

Robin
    $400 12
the Spanish Armada

Robin
    $400 7
circumstantial

Robin
    $800 3
the monarch

Buddy
    $800 29
[The end-of-round signal sounds.]

"(Don't Fear) The Reaper"

Robin
    $800 18
(Buddy: Who is Sam Spade?)

(Raymond) Chandler

BuddyLinda
    $800 14
tuna (fish)

Robin
    $800 22
the Isthmus of Panama

Robin
    $800 8
the circumference

Buddy
    $1200 4
termites

Triple Stumper
    $1200 28
Lil' Romeo

Robin
    $1200 19
The Saint (Simon Templar)

Triple Stumper
    $1200 15
Jack in the Box

Linda
    $1200 23
San Francisco

Robin
    $1200 9
circumscribe

Buddy
    $1,600 5
a capuchin

Buddy
    $1600 27
"Fire"

Triple Stumper
    $1600 20
Erle Stanley Gardner

Linda
    $1600 16
scrambled eggs

Linda
    $1600 24
(Linda: What is Liverpool?)

Plymouth

Linda
Triple Stumper
    $1600 10
circumspect

Buddy
    $2000 6
the abalone

Triple Stumper
    $2000 26
Romeo Void

Triple Stumper
    $2000 21
Lord Peter Wimsey

Triple Stumper
    $2000 17
trail mix

Triple Stumper
    $1,200 25
Roanoke

Robin
    $2000 11
circumlocution

Triple Stumper

Scores at the end of the Double Jeopardy! Round:

Buddy Linda Robin
$12,800 $4,000 $12,000

[wagering suggestions for these scores]

Final Jeopardy! Round responses

POETS ON POETS
LindaWho was Lord Byron?
$3,900
RobinWho was Lord Byron?
$11,800
BuddyWho is Byron?
$11,201
Lord Byron

Final scores:

Buddy Linda Robin
$24,001 $7,900 $23,800
2-day champion: $51,202 3rd place: $1,000 2nd place: $2,000

Game dynamics:

Coryat scores:

Buddy Linda Robin
$14,400 $4,000 $12,800
21 R
(including 1 DD),
2 W
(including 1 DD)
8 R,
2 W
17 R
(including 1 DD),
0 W

Combined Coryat: $31,200

[game clues] [game scores] [suggest correction]

Game tape date: 2010-02-03
The J! Archive is created by fans, for fans. Scraping, republication, monetization, and malicious use prohibited; this site may use cookies and collect identifying information. See terms. The Jeopardy! game show and all elements thereof, including but not limited to copyright and trademark thereto, are the property of Jeopardy Productions, Inc. and are protected under law. This website is not affiliated with, sponsored by, or operated by Jeopardy Productions, Inc. Join the discussion at JBoard.tv.